| 000 | 00381nam a2200133Ia 4500 | ||
|---|---|---|---|
| 008 | 230907s9999||||xx |||||||||||||| ||und|| | ||
| 082 |
_a951 _bLUL |
||
| 100 | _aLulu, Li. | ||
| 245 | 0 | _aContemporary Chinese Soceity: basic systems and daily life / | |
| 260 |
_aChina Renmin University, _bBeijinjg : _c2018 |
||
| 300 | _a241 p. ; | ||
| 650 |
_aChinese Studies _9116213 |
||
| 942 | _cBK | ||
| 999 |
_c601632 _d601632 |
||